00297nam a2200133Ia 4500008004100000041000800041082001400049100001800063245001900081250000600100260003400106300000900140650001400149240829s1983 xx 000 0 und d amar a891.2/ATH aGARDHE' G. K. aSARTH VAGBHAT. a1 aPUNEbGAJANAN BOOK DEPOc1983 a519p aASTANGA H